000 00874nas a2200265Ia 4500
001 A50/R173-3029 [r000000141]
003 IT-MiCISF
008 161014c99999999xx |||||||||||| ||und||
040 _aIT-MiCISF
_cIT-MiCISF
041 _aITALIANO
100 _aMoscato Maria Teresa
210 _aBambino incompiuto
222 _aBambino incompiuto
245 0 _aDifficoltà e conflitti d'identità dei bambini degli emigrati pendolari
250 _a1a ed.
260 _c1988
501 _bCISF - Centro Internazionale Studi Famiglia - Via Giotto, 36 20145 MILANO (non commercial uses only)
_cCopyright 2016
300 _app. 31-44
362 _a2, mag-ago. [1988]
500 _a Tema: scuola, infanzia, problemi-apprendimento, famiglia-migranti, disadattamento
650 _aSCUOLA
_varticolo
700 _aAA.VV.
942 _cCR
957 _71
999 _a3029
_bSi
_g1
_c222399
_d222399